000 00276nam a2200121Ia 4500
008 150731s2015 xx 000 0 und d
082 _a611
_bM 15 P
100 _aPAL, G.P.
245 _aMEDICAL GENETICS
260 _bAITBS PUB.INDIA
_c2015
300 _a2007
942 _2ddc
_cBK
999 _c7945
_d7945